• 首页
  • 本馆介绍
  • 公告通知
  • 最新文献
  • 馆藏检索
  • 电子资源
  • 读者导购
  • 参考咨询
  • 我的图书馆
  • 登录
  • 详细信息显示
  • 放入我的书架
  • 预约/预借图书
  • 作者相关作品
  • 分类相关作品
  • 丛书相关作品
  • 出版社相关作品

书目信息

  • 表格格式
  • 工作单格式
  • 卡片格式
题名:
楷书指要
    
 
作者: 秦永龙 主编
分册:  
出版信息: 北京   中国工人出版社  1994.4
页数: 90页
开本: 26cm
丛书名:
单 册:
中图分类: J292.11 , J292.1
科图分类:
主题词: 楷书-书法--中国 , 书法-楷书--中国
电子资源:
ISBN: 7-5008-1583-2
000 00812nam0 2200265 45
001 0194042158
005 20061114161123.98
010    @a7-5008-1583-2@dCNY5.60
100    @a19940810d1994 em y0chiy0121 ea
101 0  @achi
102    @aCN@b110000
105    @ay z 000yy
200 10 @a楷书指要@AKAI SHU ZHI YAO@f秦永龙主编@FQIN YONG LONG ZHU BIAN
210    @a北京@c中国工人出版社@d1994.4
215    @a90页@d26cm
304    @a秦永龙(1943~ ),字长云,别号准半斗,中国文字学家、书法家和书法理论家
330    @a分:执笔与运腕、永字八法、古代楷书碑帖选介等7部分。
540 1  @a楷书@AKAI SHU
606    @a楷书-书法@y中国
606    @a书法-楷书@y中国
690    @aJ292.11@v三版
690    @aJ292.1@v3
701  0 @a秦永龙@AQIN YONG LONG@4主编
801  0 @aCN@bTSSF@c20061114
905    @a10447@dJ292.1@e288
    
    楷书指要/秦永龙主编.-北京:中国工人出版社,1994.4
    90页;26cm
    
    
    ISBN 7-5008-1583-2:CNY5.60
    分:执笔与运腕、永字八法、古代楷书碑帖选介等7部分。
●
相关链接 在E读中查询图书 在五车中查询图书 在当当中查询图书 在豆瓣中查询图书


正题名:楷书指要     索取号:J292.1/288         预约/预借

序号 登录号 条形码 馆藏地/架位号 状态 备注
1 0262997   001212501   第一样本阅览室/ [索取号:J292.1/288] 在馆    
唐山师范学院图书馆 欢迎您!
大连网信软件有限公司© 版权所有